000 01023nam a22002657a 4500
005 20240530110527.0
008 160308s2013 ua a g b 000 0 ara d
017 _a22996
_bمصر . دار الكتب المصرية
020 _a9789773771572
040 _aEG-CaGPL
082 0 4 _221
_a153\
_bب م
100 1 _aبركينبيل ، فيرا ف
245 1 2 _aالمخ البشرى بين الانتاج و الاستهلاك و الخواء /
_cتاليف فيرا ف بركينبيل ؛ ترجمة رانيا محمد خليف
250 _aط1
260 _aالقاهرة :
_bمجموعة النيل العربية ،
_c2013.
300 _a334 ص :
_bايض ؛
_c24 سم .
504 _aيشتمل على ارجاعات ببليوجرافية
650 0 4 _aالعقل
650 0 4 _aطرق التعليم
650 0 4 _aالادراك
650 0 4 _aالتحليل النفسى
700 0 _a رانيا محمد خليف
_eمترجم
942 _2ddc
_cBK
999 _c62018
_d62018